000 00623nam a2200241 a 4500
003 AR-BaBNM
005 20251128202902.0
008 082120s2002 ||||||||||||||000 | spa||
040 _cAR-BaBNM
100 1 _aRepetto, Nicolás
245 0 0 _aMi paso por la medicina
260 _aBuenos Aires
_bSantiago Rueda
_c1955
300 _a275 p.
500 _aContiene referencias bibliográficas en p. 273
650 4 _aLITERATURA ARGENTINA
650 4 _aMEDICINA
653 _aMEMORIAS
653 _aNOVELA AUTOBIOGRAFICA
653 _aLITERATURA DE VIAJES
655 _aLITERATURA
942 _cBK
998 _cMARTIN
999 _c1040
_d1040